Spoločnosť pre poistenie úverov dopĺňa chýbajúcu legislatívu Ministerstvo financií SR schválilo koncepciu financovania a poisťovania vývozu

Zabezpečovanie štátnej podpory vývozu uskutočňuje spoločnosť pre poistenie úverov (SPE), ktorú založilo MF SR v r.1993. Poistenie tuzemských vývozcov proti riziku nesplatenia poskytnutého vývozného úveru zahraničným odberateľom. Na realizáciu exportného financovania nie je vytvorený legislatívny a i...

Ausführliche Beschreibung

Gespeichert in:
Bibliographische Detailangaben
1. Verfasser: Gulčík, I.
Format: Buchkapitel
Sprache:Slowakisch
Schlagworte:
Tags: Tag hinzufügen
Keine Tags, Fügen Sie das erste Tag hinzu!

MARC

LEADER 00000naa a2200000 4500
001 r018389
005 20221205102712.5
041 0 |a slo 
044 |a SK 
245 1 0 |a Spoločnosť pre poistenie úverov dopĺňa chýbajúcu legislatívu  |b Ministerstvo financií SR schválilo koncepciu financovania a poisťovania vývozu  |c I. Gulčík 
520 |a Zabezpečovanie štátnej podpory vývozu uskutočňuje spoločnosť pre poistenie úverov (SPE), ktorú založilo MF SR v r.1993. Poistenie tuzemských vývozcov proti riziku nesplatenia poskytnutého vývozného úveru zahraničným odberateľom. Na realizáciu exportného financovania nie je vytvorený legislatívny a inštitucionálny priestor. Koncepcie MF SR na transformáciu činnosti SPE na špecializovanú finančnú inštitúciu rozšírením jej činnosti o zvýhodnené financovanie vývozu. Získavanie zdrojov na túto činnosť. Poskytovanie zvýhodnených úverov. 
610 2 0 |a podpora vývozu 
610 2 0 |a Slovensko 
610 2 0 |a MF SR Bratislava 
610 2 0 |a poistenie záujmov zahraničných 
610 2 0 |a vývoz 
610 2 0 |a financovanie 
610 2 0 |a granty 
610 2 0 |a Európska banka pre obnovu a rozvoj 
610 2 0 |a úver 
610 2 0 |a SPE, a.s. Bratislava 
100 1 |a Gulčík, I.